书目信息 |
| 题名: |
中文版Flash 8大师课堂全记录
|
|
| 作者: | 王占宁 编著 | |
| 分册: | ||
| 出版信息: | 北京 中国宇航出版社 2006.04 |
|
| 页数: | 264页, [4] 页图版 | |
| 开本: | 26cm | |
| 丛书名: | 大师课堂全记录系列丛书 | |
| 单 册: | ||
| 中图分类: | TP393.092 | |
| 科图分类: | ||
| 主题词: | 图形软件--tu xing ruan jian--Flash 8--网页制作 , 网页制作--wang ye zhi zuo--图形软件--Flash 8 | |
| 电子资源: | ||
| ISBN: | 7-80218-082-1 | |
| 000 | 01125nam 2200277 450 | |
| 001 | 012006383290 | |
| 005 | 20061130103101.82 | |
| 010 | @a7-80218-082-1@dCNY25.80 (含光盘) | |
| 100 | @a20061029d2006 km y0chiy0120 ea | |
| 101 | 0 | @achi |
| 102 | @aCN@b110000 | |
| 105 | @aaf z 000yy | |
| 200 | 1 | @a中文版Flash 8大师课堂全记录@Azhong wen ban Flash 8 da shi ke tang quan ji lu@f王占宁等编著@Fwang zhan ning deng bian zhu |
| 210 | @a北京@c中国宇航出版社@d2006.04 | |
| 215 | @a264页, [4] 页图版@c图@d26cm@e光盘2片 | |
| 225 | 2 | @a大师课堂全记录系列丛书@Ada shi ke tang quan ji lu xi lie cong shu |
| 307 | @a光盘 ISBN : 7-89993-298-x | |
| 330 | @a本书通过百余个实用而简易的实例,以书和多媒体教学光盘相结合的形式,由浅入深、循序渐进地介绍了中文版Flash 8的基本功能、新增功能以及特色工具的使用。 | |
| 333 | @a高等院校学生。 | |
| 410 | 0 | @12001 @a大师课堂全记录系列丛书 |
| 606 | 0 | @a图形软件@Atu xing ruan jian@xFlash 8@x网页制作 |
| 606 | 0 | @a网页制作@Awang ye zhi zuo@x图形软件@xFlash 8 |
| 690 | @aTP393.092@v4 | |
| 701 | 0 | @a王占宁@Awang zhan ning@4编著 |
| 801 | 0 | @aCN@c20061130 |
| 905 | @a10447@dTP393.092@eW454 | |
| 中文版Flash 8大师课堂全记录/王占宁等编著.-北京:中国宇航出版社,2006.04 |
| 264页, [4] 页图版:图;26cm+光盘2片.-(大师课堂全记录系列丛书) |
| 使用对象:高等院校学生。 |
| ISBN 7-80218-082-1:CNY25.80 (含光盘) |
| 本书通过百余个实用而简易的实例,以书和多媒体教学光盘相结合的形式,由浅入深、循序渐进地介绍了中文版Flash 8的基本功能、新增功能以及特色工具的使用。 |
| ● |
| 相关链接 |
|
|
|
正题名:中文版Flash 8大师课堂全记录
索取号:TP393.092/W454
 
预约/预借
| 序号 | 登录号 | 条形码 | 馆藏地/架位号 | 状态 | 备注 |
| 1 | 224608 | 202246088 | 自科库301/301自科库 129排1列3层/ [索取号:TP393.092/W454] | 在馆 | |
| 2 | 224609 | 202246097 | 自科库301/301自科库 125排2列5层/ [索取号:TP393.092/W454] | 在馆 | |
| 3 | 224610 | 202246104 | 自科库301/301自科库 129排1列3层/ [索取号:TP393.092/W454] | 在馆 |